000 00863 a2200253 4500
001 26935
005 20260407155547.0
008 260407a1987 arg spa d
003 AR-UNSa-BCEJYS
040 _aAR-UNSa-BCEJYS
_bspa
_cAR-UNSa-BCEJYS
080 _a711(09)(460)
_xHistoria del Urbanismo en España
245 1 0 _aResumen histórico del urbanismo en España
020 _a84-7088-449-2
264 1 _aMadrid :
_bInstituto de Estudios de Administración Local
_c1987
300 _axvi, 289 p.
_c24 cm.
505 _a1. La edad antigua - 2. La edad media - 3. La época de los Austrias - 4. Le époco de los borbones - 5. El siglo XIX
942 _cBK
590 _aniveau_biblio:m niveau_hierar:0
100 1 _aGarcía y Bellido, Antonio
700 1 _aTorres Balbás, L.
700 1 _aCervera, L.
700 1 _aChueca, F.
700 1 _aBidagor, P.
999 _c1518
_d1518